[Event "Mittelfranken-chTB2b 1314"]
[Site "Mittelfranken"]
[Date "2014.02.16"]
[Round "6.5"]
[White "Frysztacki, Marco"]
[Black "Reuter, Roland"]
[Result "0-1"]
[WhiteElo "1549"]
[BlackElo "1878"]
[PlyCount "40"]
[EventDate "2013.10.20"]
[EventType "team-tourn"]
[EventRounds "9"]
[EventCountry "GER"]
[SourceTitle "EXT 2020"]
[Source "ChessBase"]
[SourceDate "2019.10.17"]
[SourceVersion "1"]
[SourceVersionDate "2019.10.17"]
[SourceQuality "1"]
[WhiteTeam "Buechenbach/Roth III"]
[BlackTeam "Muehlhof/Schwabach"]
[WhiteTeamCountry "GER"]
[BlackTeamCountry "GER"]

1. e4 c5 2. Nf3 d6 3. d4 cxd4 4. Nxd4 Nf6 5. Nc3 g6 6. Be2 Bg7 7. Be3 Nc6 8. 0-0 Bd7 9. Bf3 0-0 10. Qd2 Ne5 11. Be2 Rc8 12. Bh6 Bxh6 13. Qxh6 Qb6 14. Nb3 a5 15. a4 Bc6 16. Qh4 Rc7 17. Kh1 Bd7 18. Rfd1 Be6 19. Ra3 Bc4 20. Bd3 Nxd3 0-1

[Event "Mittelfranken-chTB2b 1314"]
[Site "Mittelfranken"]
[Date "2013.11.17"]
[Round "2.7"]
[White "Frysztacki, Marco"]
[Black "Strnad, Alfred"]
[Result "0-1"]
[WhiteElo "1549"]
[BlackElo "1822"]
[PlyCount "42"]
[EventDate "2013.10.20"]
[EventType "team-tourn"]
[EventRounds "9"]
[EventCountry "GER"]
[SourceTitle "EXT 2020"]
[Source "ChessBase"]
[SourceDate "2019.10.17"]
[SourceVersion "1"]
[SourceVersionDate "2019.10.17"]
[SourceQuality "1"]
[WhiteTeam "Buechenbach/Roth III"]
[BlackTeam "Heideck/Hilpoltstein"]
[WhiteTeamCountry "GER"]
[BlackTeamCountry "GER"]

1. e4 c5 2. Nf3 Nc6 3. d4 cxd4 4. Nxd4 e6 5. Nc3 a6 6. a4 Nf6 7. f3 Be7 8. Be2 Qb6 9. Nb3 0-0 10. a5 Qc7 11. 0-0 Bb4 12. Be3 Nxa5 13. Nxa5 Bxa5 14. Na4 b5 15. Nc3 Bb7 16. Qd3 Bb6 17. Rfd1 Rfd8 18. Bxb6 Qxb6+ 19. Kf1 d5 20. exd5 Bxd5 21. b3 Bb7 0-1

[Event "Bayernliga U20 1011"]
[Site "Bayern"]
[Date "2011.01.22"]
[Round "5.6"]
[White "Castell, Patrick"]
[Black "Frysztacki, Marco"]
[Result "1/2-1/2"]
[WhiteElo "1497"]
[BlackElo "1546"]
[PlyCount "59"]
[EventDate "2010.10.16"]
[EventType "team-tourn"]
[EventRounds "7"]
[EventCountry "GER"]
[SourceTitle "EXT 2022"]
[Source "ChessBase"]
[SourceDate "2021.10.06"]
[SourceVersion "1"]
[SourceVersionDate "2021.10.06"]
[SourceQuality "1"]
[WhiteTeam "Muenchen Suedost SK U20"]
[BlackTeam "Buechenbach/Roth U20"]
[WhiteTeamCountry "GER"]
[BlackTeamCountry "GER"]

1. e4 e6 2. d4 d5 3. exd5 exd5 4. Nc3 c6 5. Bd3 Bd6 6. Nge2 Ne7 7. Bf4 Bg4 8. f3 Bh5 9. g4 Bg6 10. h4 Qc7 11. Bxd6 Qxd6 12. h5 Bxd3 13. Qxd3 Nd7 14. 0-0-0 0-0-0 15. Rde1 Rde8 16. Nd1 g6 17. Nf2 f5 18. hxg6 hxg6 19. g5 Rh2 20. Ref1 Reh8 21. f4 Kc7 22. Qg3 Rxh1 23. Rxh1 Rxh1+ 24. Nxh1 Qe6 25. Qd3 Nc8 26. Kd1 Nd6 27. Qa3 Nb5 28. Qd3 Qe4 29. Nf2 Qxd3+ 30. Nxd3 1/2-1/2

[Event "Mittelfranken-ch NT 58th"]
[Site "Postbauer"]
[Date "2009.04.10"]
[Round "5"]
[White "Frysztacki, Marco"]
[Black "Mueller, Ludwig"]
[Result "0-1"]
[WhiteElo "1435"]
[BlackElo "1694"]
[PlyCount "66"]
[EventDate "2009.04.08"]
[EventType "swiss"]
[EventRounds "7"]
[EventCountry "GER"]
[SourceTitle "EXT 2015"]
[Source "ChessBase"]
[SourceDate "2014.11.20"]
[SourceVersion "1"]
[SourceVersionDate "2014.11.20"]
[SourceQuality "1"]

1. e4 b6 2. d4 Bb7 3. Nc3 e6 4. Bd3 Bb4 5. Nge2 Nf6 6. Bd2 0-0 7. 0-0 c5 8. dxc5 Bxc5 9. Ng3 d6 10. Na4 Ba6 11. Nxc5 dxc5 12. Bxa6 Nxa6 13. Qe2 Nc7 14. Rad1 Qe7 15. e5 Nd7 16. c4 Rad8 17. Bc1 Nb8 18. Qg4 Rxd1 19. Rxd1 f5 20. exf6 Qxf6 21. f3 Rd8 22. Rxd8+ Qxd8 23. Qf4 Qd1+ 24. Kf2 Qd4+ 25. Ke2 e5 26. Qe4 Qxe4+ 27. Nxe4 Ne8 28. b3 Nc6 29. Bb2 h6 30. Ke3 Kf7 31. f4 exf4+ 32. Kxf4 Nb4 33. a3 Nd3+ 0-1

[Event "Mittelfranken-ch NT 58th"]
[Site "Postbauer"]
[Date "2009.04.10"]
[Round "6"]
[White "Homfeldt, Claudia Laura"]
[Black "Frysztacki, Marco"]
[Result "0-1"]
[WhiteElo "766"]
[BlackElo "1435"]
[PlyCount "52"]
[EventDate "2009.04.08"]
[EventType "swiss"]
[EventRounds "7"]
[EventCountry "GER"]
[SourceTitle "EXT 2015"]
[Source "ChessBase"]
[SourceDate "2014.11.20"]
[SourceVersion "1"]
[SourceVersionDate "2014.11.20"]
[SourceQuality "1"]

1. e4 c5 2. d3 g6 3. Be3 Bg7 4. Bxc5 Qa5+ 5. c3 Qxc5 6. Nd2 Nf6 7. Be2 0-0 8. Nh3 d5 9. Bf3 Nc6 10. Nb3 Qd6 11. d4 dxe4 12. Be2 Bxh3 13. gxh3 b6 14. Nd2 e5 15. a3 exd4 16. Qc2 d3 17. Qd1 dxe2 18. Qxe2 Ne5 19. Nxe4 Nxe4 20. Qxe4 Rfe8 21. Rd1 Nf3+ 22. Ke2 Rxe4+ 23. Kxf3 Qf4+ 24. Kg2 Re2 25. Rd8+ Rxd8 26. b4 Qxf2# 0-1

[Event "Mittelfranken-ch NT 58th"]
[Site "Postbauer"]
[Date "2009.04.09"]
[Round "4"]
[White "Frysztacki, Marco"]
[Black "Uhlendorff, Daniel"]
[Result "0-1"]
[WhiteElo "1435"]
[BlackElo "1563"]
[PlyCount "46"]
[EventDate "2009.04.08"]
[EventType "swiss"]
[EventRounds "7"]
[EventCountry "GER"]
[SourceTitle "EXT 2015"]
[Source "ChessBase"]
[SourceDate "2014.11.20"]
[SourceVersion "1"]
[SourceVersionDate "2014.11.20"]
[SourceQuality "1"]

1. e4 c5 2. Nf3 Nc6 3. d4 cxd4 4. Nxd4 Nf6 5. Nc3 e5 6. Ndb5 d6 7. Be2 a6 8. Na3 b5 9. Nab1 Bb7 10. Nd2 Nd4 11. Bd3 Be7 12. 0-0 0-0 13. Ne2 Ne6 14. Ng3 Nc5 15. Nb3 Ncxe4 16. Nxe4 Nxe4 17. Be3 Rc8 18. Rc1 f5 19. f4 exf4 20. Rxf4 Bg5 21. Rf3 Bxe3+ 22. Rxe3 Qb6 23. Qe2 f4 0-1